00300 a2200133 450000100060000002000170000604000220002310000280004524000230007324500180009630000080011436200090012265000350013159786 a978352217870 cAnchieta - Pituba aBarth-Grözinger, Inge10aBeeren-sommerlpor10aBeeren-sommer a5870 a2006 4aLiteratura juvenil em alemão